000 00641cam a22002173a 4500
001 24338
003 PGUSA
005 20140828083523.0
008 080117s2008||||xxu|||||s|||||000 | eng d
040 _aPGUSA
_beng
042 _adc
100 1 _aLima, Jaime de Magalhães,
_d1859-1936
245 1 0 _aO Vegetarismo e a Moralidade das raças
_h[electronic resource] /
_cJaime de Magalhães Lima
260 _bProject Gutenberg,
_c2008
506 _aPublic domain in the USA.
516 _aElectronic text
653 _aVegetarianism
830 0 _aProject Gutenberg
_v24338
856 4 0 _uhttp://www.gutenberg.org/ebooks/24338
942 _cEB
999 _c253593
_d253593